000 00554nam a2200193Ia 4500
999 _c3471
_d3471
003 OSt
005 20200812131235.0
008 190216s9999||||xx |||||||||||||| ||und||
020 _a9788131502372
040 _coclc
082 _a547
_bMCM/F
100 _aMcmurry, John
_94057
245 0 _aFundamentals Of Organic Chemistry /
_cJohn Mcmurry ; Eric Simanek
250 _a6th Ed.
260 _bCengage Learning,
_c2007.
_aNew Delhi:
300 _a622p
650 _aOrganic Chemistry
942 _cBK
_2ddc
_h547
_iMCM/F
_k547
_mMCM/F